| 000 | 00692nam a22002417a 4500 | ||
|---|---|---|---|
| 999 |
_c165908 _d165908 |
||
| 005 | 20200320113754.0 | ||
| 010 | _aB-98171 | ||
| 020 |
_a- _c50.00 |
||
| 035 | _aB-98171 | ||
| 037 |
_bBPPD/Ven. _adpl |
||
| 082 | _aک | ||
| 100 | _aآ غا با بر | ||
| 245 |
_aبدن بازار / _cآ غا با بر _hUrdu |
||
| 246 |
_aBadan Bazar (Urdu) _bby Aagha Babar |
||
| 250 | _a- | ||
| 260 |
_aN.Delhi 5 _bAhluwalia Book Depot |
||
| 270 | _a9988,New Rohtak Road,Gali No.6 Saray Rohila, | ||
| 300 |
_a208ص _c22cm(Hbk) |
||
| 490 | _aJaico illustrated classics series | ||
| 942 |
_2ddc _cUR _mآ غ ا _hک |
||